BUSINESS COMMUNICTION (Record no. 14272)

MARC details
000 -LEADER
fixed length control field 00288nam a22001457a 4500
003 - CONTROL NUMBER IDENTIFIER
control field SGT
020 ## - INTERNATIONAL STANDARD BOOK NUMBER
International Standard Book Number 651.74
082 ## - DEWEY DECIMAL CLASSIFICATION NUMBER
Classification number CHA
100 ## - MAIN ENTRY--PERSONAL NAME
Personal name CHATURVEDI, P.D.
245 ## - TITLE STATEMENT
Title BUSINESS COMMUNICTION
250 ## - EDITION STATEMENT
Edition statement 4TH
260 ## - PUBLICATION, DISTRIBUTION, ETC. (IMPRINT)
Place of publication, distribution, etc PEARSON INDIA
Year of Publication 2017
300 ## - PAGE DESCRIPTION
No. of Pages 431
942 ## - ADDED ENTRY ELEMENTS (KOHA)
Source of classification or shelving scheme Dewey Decimal Classification
Koha item type Books
942 ## - ADDED ENTRY ELEMENTS (KOHA)
-- 7
Holdings
Withdrawn status Lost status Source of classification or shelving scheme Damaged status Not for loan Collection code Home library Current library Shelving location Date acquired Vendor Name Cost, normal purchase price SGTU Bill Number Total Checkouts Full call number Accession No. (Barcode) Date last seen Date last borrowed Bill Date Koha item type
    Dewey Decimal Classification     COMMERCE MANAGEMENT SGT Science & Social Sciences Library SGT Science & Social Sciences Library Text Book 27/12/2017 AHUJA BOOKS 499.00 SGTU 9088 4 CHA CM3956 13/12/2024 13/12/2024   Books
    Dewey Decimal Classification     COMMERCE MANAGEMENT SGT Science & Social Sciences Library SGT Science & Social Sciences Library Text Book 27/12/2017 AHUJA BOOKS 499.00 SGTU 9088 5 CHA CM3957 13/12/2024 13/12/2024   Books
    Dewey Decimal Classification     COMMERCE MANAGEMENT SGT Science & Social Sciences Library SGT Science & Social Sciences Library Text Book 27/12/2017 AHUJA BOOKS 499.00 SGTU 9088 1 CHA CM3958 23/08/2019 13/08/2019   Books
    Dewey Decimal Classification     COMMERCE MANAGEMENT SGT Science & Social Sciences Library SGT Science & Social Sciences Library Text Book 27/12/2017 AHUJA BOOKS 499.00 SGTU 9088   CHA CM3959 27/12/2017     Books
    Dewey Decimal Classification     COMMERCE MANAGEMENT SGT Science & Social Sciences Library SGT Science & Social Sciences Library Text Book 27/12/2017 AHUJA BOOKS 499.00 SGTU 9088 2 CHA CM3960 13/12/2024 12/12/2024   Books